000 00381nam a2200133Ia 4500
100 _aSingh H/ Rao T.S.R.P.
942 _cBK
654 _aproduction & application of lube base stocks
245 _aAdvances in Production and Application of Lube base Stocks
260 _bTata Mc Graw hill
_aNew Delhi
_c1994
082 _a665.53
_bPAN
546 _aENGLISH
999 _c29448
_d29448